| 000 | 00338nam a2200121Ia 4500 | ||
|---|---|---|---|
| 008 | 220214s9999 xx 000 0 und d | ||
| 022 | _a0048-7333 | ||
| 245 | 0 | _aRESEARCH POLICY | |
| 260 |
_bNorth Holland Pub Co, Amsterdam _aNetherland |
||
| 500 | _aEnding Volume & Year: 16, 1987 | ||
| 500 | _aStarting Volume & Year: 7, 1978 | ||
| 942 | _cBJ | ||
| 999 |
_c7018 _d7018 |
||